The dictionary of statistics / (Record no. 160327)

MARC details
000 -LEADER
campo de control de longitud fija 00756nam a22001935i 4500
001 - NÚMERO DE CONTROL
campo de control 160327
003 - IDENTIFICADOR DE NÚMERO DE CONTROL
campo de control ES-MaACL
005 - FECHA Y HORA DE LA ÚLTIMA TRANSACCIÓN
campo de control 20230906212012.0
008 - DATOS DE LONGITUD FIJA--INFORMACIÓN GENERAL
campo de control de longitud fija 040922s1892 xxk |||| | eng d
040 ## - FUENTE DE CATALOGACIÓN
Centro catalogador/agencia de origen CAM
Lengua de catalogación spa
Centro/agencia transcriptor CAM
100 1# - ENTRADA PRINCIPAL--NOMBRE DE PERSONA
Nombre de persona Mulhall, Michael G.
9 (RLIN) 130276
245 14 - MENCIÓN DEL TÍTULO
Título The dictionary of statistics /
Mención de responsabilidad, etc. by Michael G. Mulhall.
260 ## - PUBLICACIÓN, DISTRIBUCIÓN, ETC.
Lugar de publicación, distribución, etc. London [etc.] :
Nombre del editor, distribuidor, etc. George Routledge and Sons,
Fecha de publicación, distribución, etc. 1892 (
Fabricante printed by Ballantyne, Hanson and Co.)
300 ## - DESCRIPCIÓN FÍSICA
Extensión VI, 632 p. ;
Dimensiones 27 cm.
505 8# - NOTA DE CONTENIDO CON FORMATO
Nota de contenido con formato Contiene : Agriculture, Banking, Commerce, Education, Food-Supply, Iron and coal, Mining, Population, Steam-power, Wealth
650 04 - PUNTO DE ACCESO ADICIONAL DE MATERIA--TÉRMINO DE MATERIA
Término de materia o nombre geográfico como elemento de entrada Estadística-
Subdivisión de forma Diccionarios.
9 (RLIN) 164592
752 ## - ENTRADA AGREGADA--NOMBRE JERÁRQUICO DEL LUGAR
País o entidad superior Gran Bretaña -
Jurisdicción política intermedia Londres
852 ## - LOCALIZACIÓN
Ubicación ES-MaACL
Número de control de estantería G-7106
Nota libre -- Enc. tela
Holdings
Estatus retirado Estado de pérdida Estado de daño No para préstamo Colección Biblioteca de origen Biblioteca actual Ubicación en estantería Fecha de adquisición Fuente de adquisición Total de préstamos Signatura topográfica completa Código de barras Visto por última vez Precio de reemplazo Tipo de ítem Koha
        Libros del s. XIX Biblioteca del Ateneo de Madrid Biblioteca del Ateneo de Madrid Depósito 2 17/01/2008     G-7106 1167874 23/02/2023 23/02/2023 Libro impreso antiguo